Životní příběh Olympie Brownové : příspěvek k dějinám a odkazu unitářsko-univerzalistického hnutí /

Main Author: Lovčí, Radovan, 1977-
Language: Czech
Published: Praha : Unitaria, 2015
Edition: 4., upravené vydání
Subjects:
Physical Description: 104 stran : portréty ; 15 cm
Language note: Anglické resumé
Book
Saved in:
LEADER 03313cam a2200769 i 4500
001 nkc20152703144
003 CZ PrNK
005 20160112084415.0
007 ta
008 150602s2015 xr c e 000 1bcze
015 |a cnb002703144 
020 |a 978-80-86105-69-7  |q (brožováno) 
035 |a (OCoLC)939571166 
040 |a PNA001  |b cze  |d BOA001  |e rda 
041 0 |a cze  |b eng 
043 |a n-us--- 
045 |a w3x2 
072 7 |a 271/279  |x Křesťanské církve, sekty, denominace  |2 Konspekt  |9 5 
072 7 |a 929  |x Biografie  |2 Konspekt  |9 8 
080 |a 929  |2 MRF 
080 |a 2-725/-726  |2 MRF 
080 |a 27-475-055.2  |2 MRF 
080 |a 278.15-726.6-055.2  |2 MRF 
080 |a 141.72-055.2  |2 MRF 
080 |a 278.15  |2 MRF 
080 |a 342.722  |2 MRF 
080 |a 316.423.6-055.2  |2 MRF 
080 |a 2-6+316.72/.75  |2 MRF 
080 |a (73)  |2 MRF 
080 |a (092)  |2 MRF 
100 1 |a Lovčí, Radovan,  |d 1977-  |7 mzk2004148343  |4 aut 
245 1 0 |a Životní příběh Olympie Brownové :  |b příspěvek k dějinám a odkazu unitářsko-univerzalistického hnutí /  |c Radovan Lovčí 
250 |a 4., upravené vydání 
264 1 |a Praha :  |b Unitaria,  |c 2015 
300 |a 104 stran :  |b portréty ;  |c 15 cm 
336 |a text  |b txt  |2 rdacontent 
337 |a bez média  |b n  |2 rdamedia 
338 |a svazek  |b nc  |2 rdacarrier 
504 |a Obsahuje bibliografii a bibliografické odkazy 
546 |a Anglické resumé 
600 1 7 |a Brown, Olympia,  |d 1835-1926  |7 kv2010540366  |2 czenas 
610 2 7 |a Unitáři  |7 ko2002148804  |2 czenas 
648 4 |a 1835-1926 
648 7 |a 19.-20. století  |7 ch757015  |2 czenas 
650 0 7 |a duchovní  |7 ph369752  |z Spojené státy americké  |y 19.-20. století  |2 czenas 
650 0 7 |a kazatelky  |7 ph519633  |z Spojené státy americké  |y 19.-20. století  |2 czenas 
650 0 7 |a unitářky  |7 ph596388  |z Spojené státy americké  |y 19.-20. století  |2 czenas 
650 0 7 |a feministky  |7 ph166076  |z Spojené státy americké  |y 19.-20. století  |2 czenas 
650 0 7 |a unitarismus (náboženství)  |7 ph126930  |z Spojené státy americké  |y 19.-20. století  |2 czenas 
650 0 7 |a rovné postavení mužů a žen  |7 ph125244  |z Spojené státy americké  |y 19.-20. století  |2 czenas 
650 0 7 |a ženská emancipace  |7 ph127961  |z Spojené státy americké  |y 19.-20. století  |2 czenas 
650 0 9 |a clergymen  |z United States  |y 19th-20th centuries  |2 eczenas 
650 0 9 |a women preachers  |z United States  |y 19th-20th centuries  |2 eczenas 
650 0 9 |a Unitarian women  |z United States  |y 19th-20th centuries  |2 eczenas 
650 0 9 |a feminists  |z United States  |y 19th-20th centuries  |2 eczenas 
650 0 9 |a Unitarianism  |z United States  |y 19th-20th centuries  |2 eczenas 
650 0 9 |a gender equality  |z United States  |y 19th-20th centuries  |2 eczenas 
650 0 9 |a emancipation of women  |z United States  |y 19th-20th centuries  |2 eczenas 
651 7 |a Spojené státy americké  |7 ge128584  |x náboženské a kulturní poměry  |y 19.-20. století  |2 czenas 
651 9 |a United States  |x religious and cultural conditions  |y 19th-20th centuries  |2 eczenas 
655 7 |a biografie  |7 fd131909  |2 czenas 
655 9 |a biography  |2 eczenas 
910 2 |a BOA001  |b 1-1355.853 
990 |a BK 
995 |a 01 
991 |b 201511  |c NOV 
996 6 |b 2610650965  |c 1-1355.853  |l MZK  |r Sklad / do 1 hodiny  |n 0  |p p.v.  |w 001531922  |u 000010  |a 1  |e BOA001  |j MZK50  |s P